000 00392nam a2200145Ia 4500
008 230917s9999||||xx |||||||||||||| ||und||
040 _e198088
_aMAIN
041 _aEnglish
082 _a954.025 G586M
100 _aGommans, Jos
245 0 _aMughal warfare: Indian frontiers and high roads to empire 1500-1700
260 _aLondon
_bRoutledge
_c2002
300 _axv, 268 p.
942 _cBK
999 _c163184
_d163184